Statistics for All Mario Kart 8 Characters

Click here to take the quiz!

General Stats

  • This quiz has been taken 18 times
  • The average score is 34 of 50

Answer Stats

HintAnswer% Correct
Green PlumberLuigi
100%
Red PlumberMario
100%
Pink PrincessPeach
100%
Baby Version Of #2Baby Luigi
94%
Baby Version Of #1Baby Mario
94%
Baby Version Of #3Baby Peach
94%
Big KoopaBowser
94%
Yellow PrincessDaisy
94%
Big GorillaDonkey Kong
94%
Light Blue PrincessRosalina
94%
Green DinosaurYoshi
94%
Baby Version Of #4Baby Daisy
88%
Baby Version Of #5Baby Rosalina
88%
Baby Version Of BowserBowser jr.
88%
King Version Of BooKing Boo
88%
Turtle, Works For BowserKoopa Troopa
88%
Silver Version Of MarioMetal Mario
88%
Tiny Mushroom ManToad
88%
Girl Version Of #9Toadette
88%
Luigi's RivalWaluigi
88%
Mario's RivalWario
88%
Gold Version Of MarioGold Mario
81%
White Masked EnemyShy Guy
81%
Make Your Own CharacterMii
75%
Small GorillaDiddy Kong
69%
Saves the Princess Of HyruleLink
69%
Pink Metal Version Of PeachPink Gold Peach
69%
Feline PeachCat Peach
63%
Dead Version Of KoopaDry Bones
63%
Mario As a RaccoonTanooki Mario
63%
Pink DinosaurBirdo
56%
Dead Version Of BowserDry Bowser
56%
Yellow Enemy That Flies On a CloudLakitu
56%
Koopaling #6Roy
50%
Yellow CaterpillarWiggler
50%
Kong That SurfsFunky Kong
44%
Koopaling #5Iggy
44%
Splatoon BoyInkling Boy
44%
Splatoon GirlInkling Girl
44%
Koopaling #2Larry
44%
Koopaling #1Lemmy
44%
Koopaling #4Ludwig
44%
Koopaling #7Morton
44%
Koopaling #3Wendy
44%
Main Animal Crossing CharacterIsabelle
38%
MagikoopaKamek
38%
Original Version Of PeachPauline
38%
Walking Piranha PlantPetey Piranha
38%
Animal Crossing PersonVillager
38%
Peach Version Of ToadettePeachette
31%

Score Distribution

Percentile by Number Answered

Percent of People with Each Score

Your Score History

You have not taken this quiz